000 01051nam a2200265 a 4500
001 49648
003 BD-RjUL
005 20211209054716.0
008 160822s1989 bg ||||| |||| 00| 0 ben d
020 _c: IRs.100.00
035 _a(BD-RjUL)49767
040 _aBD-RjUL
_bben
_cBD-RjUL
_dBD-RjUL
041 _aben
082 _223
_a590
_bQAP 1989
100 _aকাইয়ূম, এম. এ.
_9148862
245 1 0 _aপ্রোটোজ্যুলজি /
_cএম. এ. কাইয়ূম, এস. এ. মুত্তালিব ও কে. এম. আরওঙ্গজেব
260 _aঢাকা :
_bবাংলা একাডেমী,
_c১৯৮৯.
300 _a২৫২ পৃ. :
_bচিত্র ;
_c২৬ সেমি.
504 _aগ্রন্থপঞ্জি সংযুক্ত
650 _aপ্রাণী
_9148863
650 _aAnimals
_9148864
700 _aমুত্তালিব, এস. এ.
_9148865
700 _aআরওঙ্গজেব, কে. এম.
_9148866
942 _2ddc
_cBK
999 _c49648
_d49648